[Event "Stara Lubovna op"]
[Site "Stara Lubovna"]
[Date "2017.05.05"]
[Round "2"]
[White "Jakubek, Peter"]
[Black "Dujava, Daniel"]
[Result "1-0"]
[WhiteElo "2150"]
[BlackElo "1876"]
[PlyCount "51"]
[EventDate "2017.05.05"]
[EventType "swiss"]
[EventRounds "7"]
[EventCountry "SVK"]
[SourceTitle "CBM 178 Extra"]
[Source "ChessBase"]
[SourceDate "2017.06.22"]
[SourceVersion "1"]
[SourceVersionDate "2017.06.22"]
[SourceQuality "1"]

1. d4 Nf6 2. Bg5 e6 3. e4 Be7 4. e5 Nd5 5. Bd2 Bg5 6. Nf3 Bxd2+ 7. Qxd2 d6 8. c4 Ne7 9. exd6 cxd6 10. Nc3 b6 11. Qf4 Ng6 12. Qe4 d5 13. cxd5 f5 14. Bb5+ Kf8 15. Qc2 a6 16. Bd3 Nf4 17. 0-0 Nxd3 18. Qxd3 exd5 19. Rfe1 Nc6 20. Ne5 Ne7 21. Qe3 Ra7 22. Re2 Rc7 23. Rae1 Bd7 24. Nd3 Bb5 25. Nxb5 axb5 26. Nf4 1-0